000
00338nam a22001457a 4500
003
OSt
008
250529b |||||||| |||| 00| 0 eng d
100
_a
SARASWATI, Meharsee Dayanand
245
_a
Satyarth Prakash
250
_a
1st
260
_a
New Delhi
_b
Arya Prakashan
_c
2011
300
_a
588
650
_a
General
942
_2
ddc
_c
BK
999
_c
13608
_d
13608